000 00551nam a2200169Ia 4500
008 090201s9999 xx 000 0 und d
010 _aKPL-9483
040 _bमराठी
041 _aमराठी
082 _a42823
_b9483
100 _aकेशव दत्ता
245 _aमाझा कुणा म्हणु मी
_cकेशव दत्ता
260 _c2005
_bपरचुरे प्रकाशन
300 _a89
_bमोठा
600 _aमाझा कुणा म्हणु मी
942 _cBOOK
999 _c239917
_d239917